000 00289 a2200121 4500
001 54296
082 _a620.1123 LEN
090 _c33839
_d33839
100 _aLandau,L.D
245 _aTheory of Elasticity,, 3/e
_pCAEVol. 7
250 _a3
260 _aNew Delhi
_bButterworth Heinemann
942 _aNUST-CAE
_k620.1123 LEN
999 _c289369
_d289369